000 00458nam a22001697a 4500
003 SGT
020 _a9780702075391
082 _a616.0757
_bC20R
100 _aREFIEE, HAMEED
245 _aCHAPMAN & NAKIELNY'S AIDS TO RADIOLOGICAL DIFFERENTAL DIAGNOSIS
250 _a7TH
260 _aINDIA
_bELSEVIER PUB
_c2020
300 _a691
650 _aRADIOLOGY
653 _aCHAPMAN & NAKIELNY'S AIDS TO RADIOLOGICAL DIFFERENTAL DIAGNOSIS
942 _2ddc
_cBK
999 _c31129
_d31129